Software Engineering : A Practitoners Approach (Record no. 23789)
[ view plain ]
| 000 -LEADER | |
|---|---|
| fixed length control field | 00328nam a22001097a 4500 |
| 008 - FIXED-LENGTH DATA ELEMENTS--GENERAL INFORMATION | |
| fixed length control field | 140120b xxu||||| |||| 00| 0 eng d |
| 020 ## - INTERNATIONAL STANDARD BOOK NUMBER | |
| International Standard Book Number | 00036133 |
| Terms of availability | Available |
| 082 ## - DEWEY DECIMAL CLASSIFICATION NUMBER | |
| Edition number | Fifth Ed |
| Classification number | 005.1PRE |
| Author Mark | 002588 |
| 100 ## - MAIN ENTRY--PERSONAL NAME | |
| Miscellaneous information | HB,860p |
| 245 ## - TITLE STATEMENT | |
| Title | Software Engineering : A Practitoners Approach |
| Statement of responsibility, etc. | Pressman Roger S |
| 260 ## - PUBLICATION, DISTRIBUTION, ETC. | |
| Place of publication, distribution, etc. | USA |
| Name of publisher, distributor, etc. | McGraw-Hill |
| Date of publication, distribution, etc. | 2001 |
| Withdrawn status | Lost status | Source of classification or shelving scheme | Damaged status | Not for loan | Permanent Location | Current Location | Shelving location | Date acquired | Total Checkouts | Full call number | Barcode | Date last seen | Price effective from | Koha item type |
|---|---|---|---|---|---|---|---|---|---|---|---|---|---|---|
| School of Interdisciplinary Engineering and Sciences (SINES) | School of Interdisciplinary Engineering and Sciences (SINES) | 01/20/2014 | 005.1ROG | RCMS002588 | 01/20/2014 | 01/20/2014 | Book |
